000 00496nam a2200169Ia 4500
999 _c1954
_d1954
003 OSt
005 20200818095737.0
008 190216s9999||||xx |||||||||||||| ||und||
040 _coclc
082 _a546
_bEME/M
100 _aEmeleus, H J
_94156
245 0 _aModern Aspects Of Inorganic Chemistry /
_cH J Emeleus ; J S Anderson
260 _bUniversal Bookstall,
_c1996.
_aNewdelhi:
300 _a609p
650 _aChemistry
942 _cBK
_2ddc
_h546
_iEME/M
_k546
_mEME/M